Digital Taxation in the EU: Fair Competition and Fiscal Perspectives in the Age of E-commerce

Digitalizácia hospodárstva zmenila daňovú a colnú politiku v EÚ. Od roku 2015 sa diskusie o digitálnej dani zameriavajú na zabezpečenie spravodlivého zdaňovania globálnych digitálnych platforiem a obnovenie konkurenčnej neutrality medzi digitálnymi a analógovými obchodnými modelmi. Politické nezhody...

Descripción completa

Guardado en:
Detalles Bibliográficos
Autor principal: Olexová, Cecília, 1976-
Otros Autores: Fritzen, Robert
Formato: Capítulo de libro
Lenguaje:inglés
Materias:
Etiquetas: Agregar Etiqueta
Sin Etiquetas, Sea el primero en etiquetar este registro!

MARC

LEADER 00000naa$a2200000$$$4500
001 0314542
005 20260127082318.3
041 0 |a eng 
044 |a SK 
245 1 0 |a Digital Taxation in the EU: Fair Competition and Fiscal Perspectives in the Age of E-commerce  |c Cecília Olexová, Robert Fritzen 
520 |a Digitalizácia hospodárstva zmenila daňovú a colnú politiku v EÚ. Od roku 2015 sa diskusie o digitálnej dani zameriavajú na zabezpečenie spravodlivého zdaňovania globálnych digitálnych platforiem a obnovenie konkurenčnej neutrality medzi digitálnymi a analógovými obchodnými modelmi. Politické nezhody však viedli k roztriešteným prístupom národov s obmedzeným fiškálnym účinkom. 
610 2 0 |a digitalizácia 
610 2 0 |a dane 
610 2 0 |a obchod elektronický 
610 2 0 |a podnikanie elektronické 
610 2 0 |a súťaže 
610 2 0 |a konkurencia 
610 2 0 |a konkurencieschopnosť 
100 1 |a Olexová, Cecília, 1976- 
700 1 |a Fritzen, Robert